[Event "Asuncion Fernando Memorial"]
[Site "Asuncion"]
[Date "2021.08.29"]
[Round "6"]
[White "Franco Franchi, Renato"]
[Black "Gomez Dacak, Franklin Paul"]
[Result "1-0"]
[WhiteElo "1183"]
[BlackElo "1652"]
[PlyCount "71"]
[EventDate "2021.08.27"]
[EventType "swiss"]
[EventRounds "7"]
[EventCountry "PAR"]
[SourceTitle "EXT 2022"]
[Source "ChessBase"]
[SourceDate "2021.10.06"]
[SourceVersion "1"]
[SourceVersionDate "2021.10.06"]
[SourceQuality "1"]

1. e4 c6 2. d4 d5 3. exd5 cxd5 4. Bf4 Nc6 5. Nf3 a6 6. c3 Bg4 7. Be2 e6 8. Nbd2 h6 9. h3 Bh5 10. Ne5 Bxe2 11. Qxe2 Nf6 12. Ndf3 Bd6 13. Nxc6 bxc6 14. Bxd6 Qxd6 15. Qe5 Qe7 16. 0-0 0-0 17. Qe2 c5 18. Rfe1 Rfb8 19. Ne5 Qd6 20. dxc5 Qxc5 21. Rab1 a5 22. b4 Qxc3 23. Rec1 Qa3 24. Rc7 axb4 25. Nxf7 Qxa2 26. Nxh6+ Kh7 27. Qd3+ Kxh6 28. Qe3+ Kh7 29. Rb3 Ra3 30. Qg5 Qa1+ 31. Kh2 Rg8 32. Rxb4 d4 33. Rbb7 Rxh3+ 34. gxh3 Kh8 35. Rxg7 d3 36. Qh6+ 1-0

[Event "Asuncion Fernando Memorial"]
[Site "Asuncion"]
[Date "2021.08.29"]
[Round "5"]
[White "Gomez Dacak, Franklin Paul"]
[Black "Riline Orso, Alejandro"]
[Result "0-1"]
[WhiteElo "1652"]
[BlackElo "2136"]
[PlyCount "38"]
[EventDate "2021.08.27"]
[EventType "swiss"]
[EventRounds "7"]
[EventCountry "PAR"]
[SourceTitle "EXT 2022"]
[Source "ChessBase"]
[SourceDate "2021.10.06"]
[SourceVersion "1"]
[SourceVersionDate "2021.10.06"]
[SourceQuality "1"]

1. e4 Nf6 2. e5 Nd5 3. c4 Nb6 4. d4 d6 5. f4 g6 6. Nf3 Bg7 7. Bd3 dxe5 8. fxe5 Nc6 9. Be3 Bg4 10. c5 Nd5 11. Bf2 Nf4 12. 0-0 Bxe5 13. Bc4 Nxd4 14. Bxd4 Bxf3 15. Rxf3 Qxd4+ 16. Qxd4 Bxd4+ 17. Kf1 Bxb2 18. Bxf7+ Kxf7 19. Rxf4+ Ke8 0-1

[Event "PAR-ch sf"]
[Site "Asuncion"]
[Date "2018.08.13"]
[Round "5"]
[White "Gomez Dacak, Franklin Paul"]
[Black "Benitez, Raul Ivan"]
[Result "0-1"]
[WhiteElo "1745"]
[BlackElo "1664"]
[PlyCount "76"]
[EventDate "2018.08.10"]
[EventType "swiss"]
[EventRounds "9"]
[EventCountry "PAR"]
[SourceTitle "CBM 186 Extra"]
[Source "ChessBase"]
[SourceDate "2018.08.24"]
[SourceVersion "1"]
[SourceVersionDate "2018.08.24"]
[SourceQuality "1"]

1. e4 g6 2. d4 Bg7 3. Nf3 c5 4. d5 Nf6 5. e5 Ng4 6. Qe2 f6 7. Bf4 0-0 8. h3 Nxf2 9. Kxf2 Qb6 10. c4 fxe5 11. Bxe5 Bxe5 12. Qxe5 d6 13. Qc3 Nd7 14. Nbd2 Nf6 15. g4 e6 16. dxe6 Bxe6 17. Kg2 d5 18. Bd3 d4 19. Qc2 Qc7 20. Ng5 Bxg4 21. Bxg6 Qf4 22. Bxh7+ Kh8 23. Bg6 Nh5 24. Nde4 Bf3+ 25. Nxf3 Qxf3+ 26. Kh2 Qf4+ 27. Kg2 Rg8 28. Rhf1 Rxg6+ 29. Kh1 Qxe4+ 30. Qxe4 Ng3+ 31. Kh2 Nxe4 32. Rf4 Nd6 33. b3 Re8 34. Rf2 Re3 35. Raf1 d3 36. Rf8+ Kg7 37. Rd8 Re2+ 38. Kh1 d2 0-1

[Event "PAR-ch qual5"]
[Site "Asuncion"]
[Date "2018.07.08"]
[Round "7"]
[White "Gomez Dacak, Franklin Paul"]
[Black "Britez, G Jorge A"]
[Result "1-0"]
[WhiteElo "1745"]
[BlackElo "1784"]
[PlyCount "91"]
[EventDate "2018.07.06"]
[EventType "swiss"]
[EventRounds "7"]
[EventCountry "PAR"]
[SourceTitle "EXT 2019"]
[Source "ChessBase"]
[SourceDate "2018.10.10"]
[SourceVersion "1"]
[SourceVersionDate "2018.10.10"]
[SourceQuality "1"]

1. e4 c5 2. Nc3 Nc6 3. g3 g6 4. Bg2 Bg7 5. d3 e6 6. f4 d6 7. Nf3 Nge7 8. 0-0 0-0 9. Be3 Rb8 10. e5 b6 11. exd6 Qxd6 12. Ne4 Qc7 13. c3 Bb7 14. Qe1 Ba6 15. Rd1 Rbd8 16. Nf2 Rd7 17. Qe2 Rfd8 18. Rfe1 h5 19. Qc2 Nd5 20. Bc1 Nf6 21. Ng5 Ng4 22. Nxg4 hxg4 23. Bf1 Qd6 24. Qe2 Bxd3 25. Qxg4 c4 26. Qh4 Ne7 27. Qh7+ Kf8 28. Ne4 Qc6 29. Bg2 Bxe4 30. Rxd7 Rxd7 31. Bxe4 Qd6 32. g4 f5 33. Bf3 Qd3 34. Be3 Nd5 35. Bxd5 Rxd5 36. Qxg6 fxg4 37. Qxe6 Qf5 38. Qxf5+ Rxf5 39. Kf2 b5 40. a3 Bf6 41. Kg3 Rh5 42. Re2 Rh4 43. Bxa7 Kf7 44. Bd4 Rh8 45. Bxf6 Kxf6 46. Kxg4 1-0

[Event "PAR-ch qual5"]
[Site "Asuncion"]
[Date "2018.07.07"]
[Round "2"]
[White "Arguello Pereira, Rodrigo"]
[Black "Gomez Dacak, Franklin Paul"]
[Result "0-1"]
[WhiteElo "1270"]
[BlackElo "1745"]
[PlyCount "50"]
[EventDate "2018.07.06"]
[EventType "swiss"]
[EventRounds "7"]
[EventCountry "PAR"]
[SourceTitle "EXT 2019"]
[Source "ChessBase"]
[SourceDate "2018.10.10"]
[SourceVersion "1"]
[SourceVersionDate "2018.10.10"]
[SourceQuality "1"]

1. e4 c6 2. d4 d5 3. exd5 cxd5 4. Bd3 Nc6 5. c3 Nf6 6. Bf4 Bg4 7. Qb3 Qd7 8. Nf3 Bxf3 9. gxf3 g6 10. h4 Nh5 11. Bh2 Bg7 12. Nd2 0-0 13. Nf1 a6 14. Ne3 Rfd8 15. Kd2 e5 16. dxe5 Nxe5 17. Be2 d4 18. cxd4 Qxd4+ 19. Ke1 b5 20. Rd1 Qxh4 21. Rxd8+ Rxd8 22. Ng4 Nxg4 23. fxg4 Nf4 24. Bf1 Qe7+ 25. Qe3 Qb4+ 0-1

[Event "PAR-ch qual2"]
[Site "Asuncion"]
[Date "2018.04.29"]
[Round "2"]
[White "Gomez Dacak, Franklin Paul"]
[Black "Riline Orso, Alejandro"]
[Result "0-1"]
[WhiteElo "1738"]
[BlackElo "2132"]
[PlyCount "82"]
[EventDate "2018.04.29"]
[EventType "swiss"]
[EventRounds "7"]
[EventCountry "PAR"]
[SourceTitle "EXT 2019"]
[Source "ChessBase"]
[SourceDate "2018.10.10"]
[SourceVersion "1"]
[SourceVersionDate "2018.10.10"]
[SourceQuality "1"]

1. e4 e5 2. Nf3 Nc6 3. c3 d6 4. d4 Be7 5. Bb5 exd4 6. cxd4 Bd7 7. 0-0 Nf6 8. Re1 0-0 9. Nc3 a6 10. Ba4 b5 11. Bc2 Bg4 12. Be3 Re8 13. a3 Bf8 14. Rc1 h6 15. Bb1 Ne7 16. h3 Bh5 17. Ne2 Bxf3 18. gxf3 Nd7 19. Qc2 c5 20. Nf4 g6 21. Kh2 cxd4 22. Bxd4 Ne5 23. Qe2 N7c6 24. Bc3 Bg7 25. Nd5 Ne7 26. f4 Nxd5 27. exd5 Nc4 28. Qg4 Rxe1 29. Rxe1 Bxc3 30. bxc3 Qf6 31. f5 Kf8 32. f4 Qxc3 33. Re2 g5 34. h4 gxf4 35. Rg2 Re8 36. Qg8+ Ke7 37. Re2+ Ne3 38. Qg4 Qe5 39. Qf3 Rg8 40. Kh1 Rg3 41. Qh5 Qxd5+ 0-1

[Event "PAR-ch qual1"]
[Site "Asuncion"]
[Date "2018.03.29"]
[Round "2"]
[White "Gomez Dacak, Franklin Paul"]
[Black "Heinechen, John"]
[Result "0-1"]
[WhiteElo "1738"]
[BlackElo "1990"]
[PlyCount "62"]
[EventDate "2018.03.28"]
[EventType "swiss"]
[EventRounds "7"]
[EventCountry "PAR"]
[SourceTitle "EXT 2019"]
[Source "ChessBase"]
[SourceDate "2018.10.10"]
[SourceVersion "1"]
[SourceVersionDate "2018.10.10"]
[SourceQuality "1"]

1. e4 c5 2. Nf3 d6 3. g3 Nf6 4. d3 Nc6 5. Bg2 g6 6. 0-0 Bg7 7. Re1 e5 8. Nbd2 0-0 9. Nf1 h6 10. h4 Be6 11. N3h2 d5 12. exd5 Nxd5 13. Nd2 f5 14. Nhf3 Qc7 15. Nc4 b5 16. Ncxe5 Nxe5 17. Nxe5 Bxe5 18. f4 Bd4+ 19. Kh1 Bf7 20. c3 Bg7 21. c4 Nf6 22. Bxa8 Rxa8 23. Qf3 Rd8 24. b3 Ng4 25. Rb1 Rxd3 26. Qe2 Qc6+ 27. Qg2 Qd7 28. Bb2 bxc4 29. bxc4 Bxc4 30. Qc2 Qd5+ 31. Kg1 Rxg3+ 0-1

[Event "Asuncion Clasificatorio op 6th"]
[Site "Asuncion"]
[Date "2017.08.06"]
[Round "5.10"]
[White "Gomez Dacak, Franklin Paul"]
[Black "Aguero, Wilson Martin"]
[Result "1-0"]
[WhiteElo "1753"]
[BlackElo "1533"]
[PlyCount "120"]
[EventDate "2017.08.04"]
[EventType "swiss"]
[EventRounds "7"]
[EventCountry "PAR"]
[SourceTitle "EXT 2023"]
[Source "ChessBase"]
[SourceDate "2022.10.05"]
[SourceVersion "1"]
[SourceVersionDate "2022.10.05"]
[SourceQuality "1"]

1. d4 e6 2. Bf4 d5 3. Nf3 c5 4. e3 Nc6 5. c3 Nf6 6. h3 c4 7. Nbd2 Bd6 8. Ne5 Qc7 9. Ndf3 Nd7 10. Nxc6 Bxf4 11. exf4 bxc6 12. Ne5 Nxe5 13. fxe5 Qb6 14. Qd2 c5 15. Be2 cxd4 16. cxd4 Rb8 17. Rb1 Qb4 18. Qxb4 Rxb4 19. Kd2 Ke7 20. Kc3 Rb6 21. b3 cxb3 22. Rxb3 Bd7 23. Rxb6 axb6 24. Rb1 Rc8+ 25. Kd2 Ra8 26. Rb2 Ra3 27. Bd1 Kd8 28. Bb3 Kc7 29. Rc2+ Kb7 30. Kc1 Ba4 31. Kb2 Bxb3 32. axb3 Ra8 33. g4 f6 34. exf6 gxf6 35. f4 Re8 36. Re2 Kc7 37. Kc3 Kd6 38. h4 e5 39. dxe5+ fxe5 40. f5 d4+ 41. Kd3 Kd5 42. f6 e4+ 43. Kd2 e3+ 44. Kd3 Re4 45. Re1 Rf4 46. g5 Ke5 47. Rc1 Kf5 48. Rc7 Kg6 49. Rg7+ Kh5 50. Rxh7+ Kg6 51. Rg7+ Kh5 52. Rh7+ Kg6 53. Rh6+ Kf7 54. h5 Rg4 55. Rh7+ Ke6 56. Re7+ Kd6 57. g6 b5 58. Re8 Kd5 59. f7 Rg2 60. Rd8+ Ke5 1-0

[Event "Asuncion Clasificatorio op 6th"]
[Site "Asuncion"]
[Date "2017.08.06"]
[Round "7.6"]
[White "Gomez Dacak, Franklin Paul"]
[Black "Franco Pinanez, Miguel Augusto"]
[Result "1/2-1/2"]
[WhiteElo "1753"]
[BlackElo "1690"]
[PlyCount "20"]
[EventDate "2017.08.04"]
[EventType "swiss"]
[EventRounds "7"]
[EventCountry "PAR"]
[SourceTitle "EXT 2023"]
[Source "ChessBase"]
[SourceDate "2022.10.05"]
[SourceVersion "1"]
[SourceVersionDate "2022.10.05"]
[SourceQuality "1"]

1. d4 Nf6 2. Bf4 e6 3. Nf3 Be7 4. e3 0-0 5. h3 c5 6. c3 b6 7. Nbd2 Bb7 8. Be2 d6 9. 0-0 Nbd7 10. Bh2 Re8 1/2-1/2

[Event "Asuncion Clasificatorio op 6th"]
[Site "Asuncion"]
[Date "2016.10.02"]
[Round "4.6"]
[White "Salinas, Victor"]
[Black "Gomez Dacak, Franklin Paul"]
[Result "1-0"]
[WhiteElo "1620"]
[BlackElo "1727"]
[PlyCount "47"]
[EventDate "2016.09.30"]
[EventType "swiss"]
[EventRounds "7"]
[EventCountry "PAR"]
[SourceTitle "EXT 2023"]
[Source "ChessBase"]
[SourceDate "2022.10.05"]
[SourceVersion "1"]
[SourceVersionDate "2022.10.05"]
[SourceQuality "1"]

1. e4 c6 2. Nf3 d5 3. exd5 cxd5 4. Ne5 a6 5. d4 Nc6 6. c3 Bf5 7. Nd2 Nxe5 8. dxe5 Qc7 9. f4 h5 10. Nf3 e6 11. Nd4 Be4 12. Qa4+ Kd8 13. Be3 Ne7 14. 0-0-0 Nc6 15. Nxc6+ Qxc6 16. Qxe4 Kc7 17. Qd4 b5 18. Kb1 Be7 19. f5 Rhc8 20. f6 gxf6 21. exf6 Bd6 22. Bf4 Kb7 23. Bxd6 Qxd6 24. Be2 1-0

[Event "Asuncion Clasificatorio op 4th"]
[Site "Asuncion"]
[Date "2016.07.01"]
[Round "1.4"]
[White "Alarcon, Jose"]
[Black "Gomez Dacak, Franklin Paul"]
[Result "1-0"]
[WhiteElo "1985"]
[BlackElo "1702"]
[PlyCount "65"]
[EventDate "2016.07.01"]
[EventType "swiss"]
[EventRounds "7"]
[EventCountry "PAR"]
[SourceTitle "EXT 2023"]
[Source "ChessBase"]
[SourceDate "2022.10.05"]
[SourceVersion "1"]
[SourceVersionDate "2022.10.05"]
[SourceQuality "1"]

1. e4 c6 2. d4 d5 3. Nd2 dxe4 4. Nxe4 Bf5 5. Ng3 Bg6 6. h4 h6 7. N1e2 e6 8. Nf4 Bh7 9. Bc4 Nf6 10. 0-0 Bd6 11. Nxe6 fxe6 12. Bxe6 Kf8 13. f4 g6 14. h5 Kg7 15. Qf3 Rf8 16. hxg6 Bxg6 17. f5 Be8 18. c4 Nbd7 19. Kf2 Qc7 20. Ne2 c5 21. Rh1 Rh8 22. Bf4 h5 23. Rh4 Bxf4 24. Nxf4 Ng4+ 25. Rxg4+ hxg4 26. Qxg4+ Kf8 27. Rh1 Rxh1 28. Qg8+ Ke7 29. Nd5+ Kd8 30. Nxc7 Kxc7 31. Bxd7 Kxd7 32. Qd5+ Ke7 33. Qxb7+ 1-0

[Event "Asuncion Clasificatorio op 3rd"]
[Site "Asuncion"]
[Date "2016.06.11"]
[Round "3.5"]
[White "Bergonzi, Osvaldo"]
[Black "Gomez Dacak, Franklin Paul"]
[Result "1-0"]
[WhiteElo "1963"]
[BlackElo "1678"]
[PlyCount "56"]
[EventDate "2016.06.10"]
[EventType "swiss"]
[EventRounds "7"]
[EventCountry "PAR"]
[SourceTitle "EXT 2023"]
[Source "ChessBase"]
[SourceDate "2022.10.05"]
[SourceVersion "1"]
[SourceVersionDate "2022.10.05"]
[SourceQuality "1"]

1. d4 Nf6 2. c4 e6 3. Nc3 Bb4 4. Qc2 b6 5. e4 Bb7 6. Bd3 Bxc3+ 7. bxc3 h6 8. Nf3 0-0 9. e5 Ne8 10. Qe2 f5 11. 0-0 Qe7 12. d5 g5 13. Nd4 c5 14. dxc6 Nxc6 15. a4 Qg7 16. f4 g4 17. Ba3 Rf7 18. c5 Nxd4 19. cxd4 bxc5 20. Bxc5 Nc7 21. Rab1 Bc6 22. a5 a6 23. Rb6 Nb5 24. Qe3 Kh7 25. Bc4 Qg8 26. Rxc6 dxc6 27. Bxe6 Qe8 28. Bxf7 Qxf7 1-0

[Event "Asuncion Semana Santa op"]
[Site "Asuncion"]
[Date "2016.03.27"]
[Round "7"]
[White "Gomez Dacak, Franklin Paul"]
[Black "Ocampos, Luis"]
[Result "1-0"]
[WhiteElo "1674"]
[BlackElo "1542"]
[PlyCount "75"]
[EventDate "2016.03.24"]
[EventType "swiss"]
[EventRounds "7"]
[EventCountry "PAR"]
[SourceTitle "EXT 2017"]
[Source "ChessBase"]
[SourceDate "2016.10.25"]
[SourceVersion "1"]
[SourceVersionDate "2016.10.25"]
[SourceQuality "1"]

1. e4 g6 2. Nc3 Bg7 3. d3 d6 4. g3 Nf6 5. Bg2 c6 6. Nge2 0-0 7. 0-0 Bg4 8. f3 Bd7 9. h3 e5 10. Kh2 Qc7 11. f4 exf4 12. Nxf4 Na6 13. Be3 Rfe8 14. Qd2 Rad8 15. Rae1 Be6 16. Rf2 b6 17. Ref1 Qd7 18. Nxe6 Rxe6 19. Bg5 Qe7 20. d4 h6 21. Bxh6 b5 22. a3 b4 23. axb4 Bxh6 24. Qxh6 Nxb4 25. e5 dxe5 26. dxe5 Nfd5 27. Rxf7 Qxf7 28. Rxf7 Kxf7 29. Ne4 Rxe5 30. Qh7+ Ke6 31. Nc5+ Kf5 32. Qf7+ Kg5 33. Ne6+ Rxe6 34. Qxe6 Nxc2 35. Qg4+ Kf6 36. Qh4+ g5 37. Qh6+ Ke7 38. Qh7+ 1-0

[Event "Asuncion Semana Santa op"]
[Site "Asuncion"]
[Date "2016.03.26"]
[Round "5"]
[White "Gomez Dacak, Franklin Paul"]
[Black "Perez Canete, Ivan"]
[Result "1-0"]
[WhiteElo "1674"]
[BlackElo "1704"]
[PlyCount "93"]
[EventDate "2016.03.24"]
[EventType "swiss"]
[EventRounds "7"]
[EventCountry "PAR"]
[SourceTitle "EXT 2017"]
[Source "ChessBase"]
[SourceDate "2016.10.25"]
[SourceVersion "1"]
[SourceVersionDate "2016.10.25"]
[SourceQuality "1"]

1. d4 d5 2. Bf4 e6 3. c3 c5 4. e3 Nc6 5. Nd2 Nf6 6. h3 Bd7 7. Ngf3 c4 8. g4 Bc8 9. Qe2 Qb6 10. Rb1 h6 11. Bg2 Bd7 12. 0-0 Be7 13. e4 0-0 14. e5 Nh7 15. h4 Qd8 16. Bg3 f6 17. exf6 Bxf6 18. b3 b5 19. bxc4 bxc4 20. Rb7 Rf7 21. Rfb1 Qe7 22. Qd1 Raf8 23. Qc2 Qd8 24. Qg6 Be8 25. Qc2 Bd7 26. Kh2 Be8 27. Kh3 Rxb7 28. Rxb7 Rf7 29. Rxf7 Bxf7 30. Be5 Nxe5 31. Nxe5 Bxh4 32. Nxf7 Kxf7 33. Qxh7 Bxf2 34. Qc2 Be3 35. Nf3 Qf6 36. Ne5+ Kg8 37. Qa4 Bd2 38. Qc2 Qf4 39. Nf3 Be3 40. Qg6 Qd6 41. Qe8+ Kh7 42. Ne5 Bd2 43. Qg6+ Kg8 44. Qf7+ Kh8 45. Ng6+ Kh7 46. Nf8+ Kh8 47. Nxe6 1-0

[Event "PAR-ch"]
[Site "Asuncion"]
[Date "2015.12.19"]
[Round "11"]
[White "Franco Ocampos, Zenon"]
[Black "Gomez Dacak, Franklin Paul"]
[Result "1-0"]
[WhiteElo "2507"]
[BlackElo "1716"]
[PlyCount "81"]
[EventDate "2015.12.09"]
[EventType "tourn"]
[EventRounds "11"]
[EventCountry "PAR"]
[SourceTitle "EXT 2017"]
[Source "ChessBase"]
[SourceDate "2016.10.25"]
[SourceVersion "1"]
[SourceVersionDate "2016.10.25"]
[SourceQuality "1"]

1. d4 Nf6 2. c4 e6 3. Nc3 Bb4 4. e3 b6 5. Nge2 Bb7 6. a3 Bxc3+ 7. Nxc3 c5 8. d5 0-0 9. Be2 exd5 10. cxd5 Qe7 11. f3 d6 12. 0-0 Nbd7 13. e4 Ne8 14. f4 f5 15. exf5 Rxf5 16. Bg4 Rf8 17. Re1 Qd8 18. Be6+ Kh8 19. f5 Ne5 20. Bf4 Qh4 21. g3 Qf6 22. Ne4 Qd8 23. Nxd6 Nxd6 24. Bxe5 Nxf5 25. Qg4 Qe7 26. Bxf5 Bxd5 27. Bc3 Qc7 28. Bxh7 Kxh7 29. Qh5+ Kg8 30. Qxd5+ Qf7 31. Rad1 Qxd5 32. Rxd5 Rf7 33. Red1 Raf8 34. Rd7 Rxd7 35. Rxd7 Rf7 36. Rxf7 Kxf7 37. Kf2 a6 38. Ke3 g6 39. Kf4 b5 40. Kg5 c4 41. h4 1-0

[Event "PAR-ch"]
[Site "Asuncion"]
[Date "2015.12.14"]
[Round "6"]
[White "Almiron, Antonio"]
[Black "Gomez Dacak, Franklin Paul"]
[Result "1-0"]
[WhiteElo "2307"]
[BlackElo "1716"]
[PlyCount "59"]
[EventDate "2015.12.09"]
[EventType "tourn"]
[EventRounds "11"]
[EventCountry "PAR"]
[SourceTitle "EXT 2017"]
[Source "ChessBase"]
[SourceDate "2016.10.25"]
[SourceVersion "1"]
[SourceVersionDate "2016.10.25"]
[SourceQuality "1"]

1. d4 Nf6 2. c4 e6 3. Nc3 Bb4 4. f3 b6 5. e4 d6 6. Qa4+ Nc6 7. d5 exd5 8. cxd5 Bxc3+ 9. bxc3 Bd7 10. dxc6 Be6 11. Bg5 h6 12. Bh4 0-0 13. Ne2 g5 14. Bf2 Bc4 15. Qxc4 d5 16. exd5 Re8 17. Rd1 Re7 18. Bg3 h5 19. d6 Re8 20. dxc7 Qe7 21. h4 g4 22. Qb4 Qe6 23. Qd6 Rac8 24. Qxe6 fxe6 25. Rd7 e5 26. fxg4 hxg4 27. h5 Kf8 28. h6 Nxd7 29. cxd7 Rxc7 30. h7 1-0

[Event "PAR-ch"]
[Site "Asuncion"]
[Date "2015.12.10"]
[Round "2"]
[White "Bachmann, Axel"]
[Black "Gomez Dacak, Franklin Paul"]
[Result "1-0"]
[WhiteElo "2610"]
[BlackElo "1716"]
[PlyCount "85"]
[EventDate "2015.12.09"]
[EventType "tourn"]
[EventRounds "11"]
[EventCountry "PAR"]
[SourceTitle "EXT 2017"]
[Source "ChessBase"]
[SourceDate "2016.10.25"]
[SourceVersion "1"]
[SourceVersionDate "2016.10.25"]
[SourceQuality "1"]

1. Nf3 c6 2. g3 d5 3. Bg2 Nf6 4. c4 e6 5. d4 g6 6. 0-0 Bg7 7. Qc2 0-0 8. Nbd2 Nbd7 9. e4 dxe4 10. Nxe4 Nxe4 11. Qxe4 c5 12. Be3 Nf6 13. Qh4 cxd4 14. Bxd4 Nh5 15. Qxd8 Rxd8 16. Rfd1 Bxd4 17. Nxd4 a6 18. c5 Nf6 19. Nc2 Nd5 20. Ne3 Bd7 21. Nxd5 exd5 22. Bxd5 Bc6 23. Bxc6 bxc6 24. b4 Rdb8 25. Rab1 a5 26. a3 axb4 27. axb4 Ra4 28. Rd4 h5 29. h4 Kg7 30. Rf4 Rb7 31. Kg2 f6 32. Rb3 f5 33. Rd4 Kf7 34. Kf3 Re7 35. Kf4 Rb7 36. Kg5 Ra2 37. f4 Ra8 38. Rd6 Rab8 39. Rf6+ Ke7 40. Rxc6 Rxb4 41. Rxb4 Rxb4 42. Rxg6 Rc4 43. c6 1-0

[Event "Asuncion op"]
[Site "Asuncion"]
[Date "2015.10.18"]
[Round "9"]
[White "Gomez Dacak, Franklin Paul"]
[Black "Jodorcovsky Werjivker, Paulo"]
[Result "0-1"]
[WhiteElo "1648"]
[BlackElo "2182"]
[PlyCount "66"]
[EventDate "2015.10.08"]
[EventType "swiss"]
[EventRounds "9"]
[EventCountry "PAR"]
[SourceTitle "CBM 168 Extra"]
[Source "ChessBase"]
[SourceDate "2015.10.29"]
[SourceVersion "1"]
[SourceVersionDate "2015.10.29"]
[SourceQuality "1"]

1. d4 Nf6 2. Bf4 e6 3. e3 d5 4. c3 c5 5. Nd2 Bd6 6. Bg3 Nc6 7. Ngf3 0-0 8. Bd3 b6 9. Ne5 Bb7 10. f4 Ne7 11. h4 Nf5 12. Bf2 Be7 13. g4 Nd6 14. g5 Nfe4 15. Qg4 Nxd2 16. Bxh7+ Kxh7 17. g6+ fxg6 18. Qxg6+ Kh8 19. Kxd2 Rf6 20. Qg4 Nc4+ 21. Nxc4 dxc4 22. Rhg1 Qg8 23. h5 Qh7 24. Rad1 Rf5 25. Kc1 Rg8 26. dxc5 Bxc5 27. Rd7 Be4 28. Rxa7 Qxh5 29. Qg3 Qe2 30. Rh1+ Bxh1 31. Rxg7 Rxg7 32. Qh4+ Rh5 33. Qd8+ Kh7 0-1